000 00431nam a2200181Ia 4500
001 13922
005 20260306164836.0
008 260306t2016||||xx |||||||||||||| ||spa||
041 _aESP
082 _a005.7
_bD34
100 _aDaza Vergaray, Alfredo
_eAUT
245 0 _aData mining:
_bminería de datos
260 _c2016
300 _a286 páginas :
_c25 cm.
650 _aGEN
654 _aCCC
942 _cLIB
_dJUS
_fJUS
_2ddc
_n
999 _c13922
_d13922